000 00439nam a2200157Ia 4500
003 GCL
008 140319s9999 xx 000 0 eng d
040 _aGCL /
_cGCL
082 0 4 _a519.82
_bD Q
100 1 _aDIJK, N.M. VAN
245 1 0 _aQVEUEING NETURRKS AND PRODUCT FORMS: ASYSTEM APPROACH /
_cDIJK, N.M. VAN
260 _a[S.N] :
_bJOHN WILEY AND SONS. INC ،
_c1993
300 _a270 P
650 0 4 _aQUEUEING THEORY
942 _2ddc
_cBK
999 _c22989
_d22989